[Event "It"]
[Site "Pamplona ESP"]
[Date "2003.12.21"]
[Round "2"]
[White "Illescas Cordoba,M"]
[Black "Karjakin,Sergey"]
[Result "1/2-1/2"]
[WhiteElo "2602"]
[BlackElo "2562"]
[EventDate "2003.12.20"]

1. e4 c5 2. Nc3 d6 3. Nge2 a6 4. g3 b5 5. Bg2 Bb7 6. O-O b4 7. Nd5 e6 8.
Ne3 Nf6 9. d3 Be7 10. a3 O-O 11. axb4 cxb4 12. e5 Nd5 13. Nxd5 Bxd5 14.
Bxd5 exd5 15. exd6 Qxd6 16. Be3 Nc6 17. d4 a5 18. c3 Qd7 19. Qa4 1/2-1/2

[Event "It"]
[Site "Pamplona ESP"]
[Date "2003.12.27"]
[Round "6"]
[White "Pelletier,Y"]
[Black "McShane,L"]
[Result "0-1"]
[WhiteElo "2604"]
[BlackElo "2649"]
[EventDate "2003.12.20"]

1. d4 Nf6 2. c4 g6 3. Nc3 d5 4. Bf4 Bg7 5. e3 c5 6. dxc5 Qa5 7. Rc1 dxc4 8.
Bxc4 O-O 9. Nge2 Nbd7 10. O-O Nxc5 11. Nb5 Bd7 12. Ned4 a6 13. Bc7 b6 14.
Na3 Qb4 15. Nb3 Ne6 16. Be5 Rfd8 17. Qe2 b5 18. Bxe6 Bxe6 19. Nd4 Bd5 20.
Nac2 Qa5 21. Rfd1 Rac8 22. a3 Qb6 23. Nb4 Bb7 24. Nd3 Bf8 25. Nb3 Bd5 26.
Bd4 Qb8 27. Nbc5 Qa8 28. f3 Ne8 29. Qf2 f6 30. e4 Bc4 31. b3 Bxd3 32. Ne6
Rxc1 33. Rxc1 Rc8 34. Qd2 Rxc1+ 35. Qxc1 b4 36. Qd2 Bb5 37. Qxb4 Qc8 38.
Nxf8 Kxf8 39. Bc5 Qd7 40. a4 Bc6 41. Qc4 Bb7 42. h3 Ng7 0-1

[Event "It"]
[Site "Pamplona ESP"]
[Date "2003.12.28"]
[Round "7"]
[White "Karjakin,Sergey"]
[Black "Romero Holmes,A"]
[Result "1-0"]
[WhiteElo "2562"]
[BlackElo "2544"]
[EventDate "2003.12.20"]

1. e4 c5 2. Nf3 d6 3. d4 cxd4 4. Nxd4 Nf6 5. Nc3 g6 6. Be3 Bg7 7. f3 a6 8.
Qd2 Nbd7 9. Bc4 Qc7 10. Bb3 h6 11. O-O-O Nb6 12. e5 Nfd7 13. exd6 Qxd6 14.
Rhe1 Qc7 15. Bf4 e5 16. Ndb5 axb5 17. Nxb5 Qc6 18. Nd6+ Kf8 19. Nxf7 Nc5
20. Qd8+ Qe8 21. Qxe8+ Kxe8 22. Nxh8 Nxb3+ 23. axb3 Bxh8 24. Bxe5 Bxe5 25.
Rxe5+ Kf7 26. Rd4 Nd7 27. Rf4+ Nf6 28. Ra4 Rb8 29. Rea5 b5 30. Ra8 Rb6 31.
R4a7+ Bd7 32. Ra6 Rxa6 33. Rxa6 Nd5 34. Kd2 Nf4 35. g3 Ne6 36. Ke3 h5 37.
Rb6 Ke7 38. b4 Be8 39. b3 Ng7 40. c4 Nf5+ 41. Ke4 Nd6+ 42. Ke5 Nf7+ 43. Kd5
Ng5 44. Rb7+ Kf6 45. f4 Nf3 46. cxb5 Nxh2 47. b6 Nf1 48. Rc7 1-0